000 00420nam a2200181Ia 4500
001 13508
005 20260306164806.0
008 260306t2005||||xx |||||||||||||| ||spa||
041 _aESP
082 _a004.6
_bD59
100 _aDerfler, Frank J.
_eAUT
245 0 _aCómo funcionan las redes
260 _c2005
300 _a234 páginas :
_c25 cm.
650 _aGEN
654 _aCCC
942 _cLIB
_dJUS
_fJUS
_2ddc
_n
999 _c13508
_d13508